| 000 | 01681nam a22004457a 4500 | ||
|---|---|---|---|
| 003 | CHAP | ||
| 005 | 20220329133656.0 | ||
| 008 | 971013s1992 r 00010 d | ||
| 010 | _a9366 | ||
| 011 | _a10338 | ||
| 035 | _a9575 | ||
| 040 | _cCHAP | ||
| 082 |
_a301.35 _bG6 |
||
| 100 | 0 | 0 |
_aGonzález, Arturo _ecord. _949514 |
| 245 | _aEtnias, desarrollo, recursos y tecnologías en Oaxaca | ||
| 260 |
_aMéxico, D. F. : _bCentro de Investigaciones y Estudios Superiores en Antropología Social, _c1992 |
||
| 300 | _a312 p. | ||
| 490 | _aColección Oaxaca | ||
| 590 |
_aBATCH-UPD _b10 _c20130110 _lUCH01 _h0029 |
||
| 590 |
_aBATCH-UPD _b10 _c20130110 _lUCH01 _h0859 |
||
| 590 |
_aBATCH-UPD _b10 _c20130409 _lUCH01 _h2011 |
||
| 590 |
_aBATCH-UPD _b10 _c20130410 _lUCH01 _h0528 |
||
| 590 |
_aBATCH-UPD _b10 _c20130914 _lUCH01 _h0048 |
||
| 590 |
_aBATCH-UPD _b10 _c20130914 _lUCH01 _h1846 |
||
| 590 |
_aCONVERSION _b10 _c20130109 _lUCH01 _h1306 |
||
| 650 | 1 | 4 |
_aAgricultura _xOaxaca. _91756 |
| 650 | 1 | 4 |
_aIndios de Oaxaca. _957644 |
| 650 | 1 | 4 |
_aOaxaca _xCondiciones rurales. _982477 |
| 650 | 1 | 4 |
_aPlaneación regional _xOaxaca. _988718 |
| 650 | 1 | 4 |
_aRecursos naturales _zOaxaca. _995332 |
| 650 | 1 | 4 |
_aSericultura _xOaxaca. _9104551 |
| 700 | 0 |
_aVásquez, Marco Antonio _ecoord. _9120281 |
|
| 710 | 0 |
_aOaxaca. Gobierno del Estado. _982490 |
|
| 830 | 0 |
_aColección Oaxaca _924941 |
|
| 901 | _aBK | ||
| 942 | _cLIBRO | ||
| 949 |
_a301.35 G6 _bBC _cLIBRO _d33724000293924 _eLIBRO _fc.3 _gI.c/e _h85955 _i9575 _si _t24.00 |
||
| 949 |
_a301.35 G6 _bBC _cLIBRO _d33724000605929 _eLIBRO _fc.2 _gI. c/e _h85310 _i9575 _si _t24.00 |
||
| 949 |
_a301.35 G6 _bBC _cLIBRO _d33724000938106 _eLIBRO _gI. c/e _h85954 _i9575 _si _t24.00 |
||
| 999 |
_c9366 _d9366 |
||